000 00666nam a22002052 4500
001 0000019992
005 20151217145922.0
008 110415s xx 000 0 eng d
020 _a9966728906 :
040 _aKABU
_cKABU
100 1 _aKirago, Manyara.
_@0000180019
245 1 0 _aHow to become a lifelong financial success :
_bfinancial planning and investing for a better life /
_cManyara Kirago.
250 _a1st ed.
260 _aNairobi :
_bFirst Independent Advisors,
_c2008.
300 _axiii, 207 p.
650 0 _aFinance, Personal.
_@0000152441
852 1 _9p1200 KES
908 _a110415
950 _@1
999 _c4051
_d4051